[Event "TUR-ch Men 2018"]
[Site "Kemer"]
[Date "2018.10.17"]
[Round "8.2"]
[White "Ozen, Deniz"]
[Black "Soysal, Serkan"]
[Result "1/2-1/2"]
[WhiteElo "2411"]
[BlackElo "2415"]
[Annotator "TA"]
[PlyCount "258"]
[EventDate "2018.10.26"]
[EventType "tourn"]
[EventCountry "TUR"]
[SourceTitle "playchess.com"]
[Source "ChessBase"]
[SourceQuality "1"]

{[%evp 16,258,0,-35,-34,-33,-27,-44,-25,-38,-41,-37,-47,-109,-100,-118,-81,-95,-60,-48,0,-81,-81,-87,-83,-79,-47,-58,-39,-183,-172,-182,-176,-160,-104,-104,-104,-104,-124,-202,-203,-198,-197,-253,-251,-276,-265,-274,-289,-266,-279,-300,-283,-286,-295,-285,-290,-292,-290,-276,-240,-236,-235,-278,-283,-291,-252,-290,-184,-193,-210,-243,-246,-282,-289,-283,-245,-239,-181,-175,0,-207,-141,-326,-326,-299,-283,-291,-291,-291,-166,-166,-166,-166,-166,-166,-160,-159,-152,-159,-159,-159,-159,-159,-120,-120,-120,-166,-166,-160,-120,-160,-152,-157,-149,-151,-144,-226,-243,-242,-242,-240,-238,-539,-535,-526,-490,-369,-32,-33,0,-74,-73,-73,-73,-72,-57,-57,-57,-168,-68,-198,-202,-194,-205,-183,0,-177,-186,-178,-158,-291,-263,-243,-208,-300,-238,-226,-171,-164,0,-201,-201,-202,-201,-227,-113,-113,-113,-113,-72,-72,-72,-72,-72,-72,-72,-72,-72,-72,-72,-72,-72,-72,-72,-72,-72,-72,-72,-72,-72,-75,-75,-80,-87,-29986,-29987,-29987,-29988,-29988,-78,-78,-78,-78,-78,-78,-78,-78,-72,-72,0,-78,-78,-78,-75,-78,0,-75,-75,-78,-75,-78,-78,-78,-78,-78,-75,-78,-72,-72,-72,-29987,-29988,-29988,-29988,-29988,-29988,-29988,0,-29988,-29989,-29990,-29988,-29987,0]} 1. e4 {Wedberg,T} e5 2. Nf3 Nc6 3. Bb5 a6 4. Ba4 d6 5. d4 b5 6. Bb3 Nxd4 7. Nxd4 exd4 8. c3 dxc3 9. Qh5 {[%csl Gb3][%cal Rh5f7] LiveBook: 3 Partien. C71: Spanische Partie (Moderne Steinitz-Verteidigung)} (9. Qd5 {is interesting.} Be6 10. Qc6+ Bd7 11. Qd5 Be6) 9... Qd7 10. Nxc3 Nf6 11. Qg5 $146 {Schwarz hat minimalen Vorteil.} ({Vorgänger:} 11. Qe2 Be7 12. O-O O-O 13. h3 Bb7 14. Rd1 Rae8 15. Bf4 Nxe4 16. Nxe4 Qf5 17. Bxd6 Bxd6 18. Nxd6 cxd6 {0-1 (44) De Firmian,N (2590)-Huebner,R (2620) San Francisco 1995 CBM 046 [Wedberg,T]}) 11... h6 12. Qe3 Be7 13. O-O O-O 14. h3 (14. Rd1 $15) 14... Bb7 $17 15. Rd1 {und wenn e5 ginge, stände Weiss gut.} Rae8 16. Bc2 Bd8 17. Qd4 Be7 18. Be3 (18. Qe3 $11) 18... c5 $36 {[%mdl 2048] Schwarz bestimmt, wo es lang geht.} 19. Qd3 c4 20. Qd4 Qc6 21. a3 Rd8 (21... Rc8 {looks sharper.} 22. Qd2 Rfe8 23. Re1 Bd8 24. Bd4 Re6) 22. Bxh6 (22. a4 $15) 22... gxh6 $19 23. Nd5 Nxd5 24. exd5 Qxd5 (24... Qd7 $142 25. Re1 f5) 25. Qxd5 $17 Bxd5 26. Rxd5 Bf6 27. Rb1 (27. a4 $17) 27... Rfe8 $19 28. Kf1 Re5 $1 {[%cal Re5d5]} 29. Rd2 (29. Rxe5 $142 Bxe5 30. g3) 29... d5 30. Rbd1 Rh5 31. g4 Rxh3 32. Kg2 Rh4 33. Rxd5 Rxd5 34. Rxd5 Rxg4+ {[%mdl 4096] Endspiel KTL-KTL} 35. Kf3 Rg1 36. Rd6 Bxb2 37. Rxa6 Rc1 38. Be4 Rc3+ 39. Ke2 Bxa3 40. Rxh6 Be7 41. Rc6 Ra3 42. Rc7 Ra2+ 43. Kf3 Kf8 $1 44. Bd5 Rd2 45. Be4 Rd1 46. Ke2 Rd4 47. Ke3 Rd1 48. Ke2 Ra1 49. f4 $2 (49. Bd5 $17) 49... Ra2+ 50. Kf3 Ra3+ 51. Ke2 Bd6 52. Rb7 Bxf4 (52... Rb3 $142 53. Bd5 Rb2+ 54. Kd1 c3) 53. Bd5 Re3+ 54. Kf2 Re7 55. Rxb5 c3 56. Bb3 Rc7 57. Bc2 Rd7 58. Kf3 Rd2 59. Be4 Bh6 60. Rb8+ Ke7 61. Rc8 Bg7 62. Rc7+ Rd7 63. Rc5 Bd4 64. Rc8 Kf6 65. Ke2 Ke5 66. Bd3 (66. Bc2 $17 {kämpft weiter.}) 66... Kf4 67. Re8 f5 68. Rf8 Rd5 69. Rf7 $2 (69. Re8 {nur so!}) 69... Re5+ 70. Kd1 Ra5 71. Rf8 Ra1+ $2 ({Lieber} 71... Kg4 $19 {Und ...f4 würde nun gewinnen.} 72. Bc4 f4) 72. Kc2 $15 Ra5 73. Kb3 (73. Kd1 $1 $11) 73... Rc5 $17 74. Bc2 Kg4 {Droht stark ...f4.} 75. Rg8+ Kf3 76. Rg5 Kf4 77. Rg8 {[#]} ({Der einzige Zug:} 77. Rh5 $15) 77... Bf6 (77... Be3 $1 $19 78. Kb4 Rc7) 78. Rf8 (78. Rg1 $15) 78... Rc6 79. Rb8 Kg4 {Und weiter mit ...f4 wäre nett.} 80. Rg8+ Kf4 81. Rb8 $1 Rd6 82. Rb5 Be5 83. Rc5 (83. Rb8 $17) 83... Rb6+ 84. Kc4 Rb8 85. Rc6 (85. Ra5 $142) 85... Rb2 86. Kd3 Rb4 87. Ke2 Rb2 $2 ({Besser ist} 87... Rb8 $19 {Weiss muss nun ...Th8 beachten.} 88. Rc4+ Kg5) 88. Kd1 $2 (88. Kd3 $11 {und Weiss steht sicher.}) 88... Rb8 $19 89. Ke2 Rd8 90. Bd3 Rh8 (90... Re8 $19 91. Rc4+ Bd4+ 92. Kd1 Rd8) 91. Rc4+ $17 Kg5 {...Th2+ ist eine echte Drohung.} 92. Rc5 Rh2+ 93. Ke3 Rh3+ 94. Ke2 Bd4 {Droht ...Th2+ und aus.} 95. Rxf5+ Kg4 96. Bb1 Rh2+ 97. Ke1 c2 (97... Be3 {seems wilder.} 98. Be4 Rd2 99. Rf6 Bd4 100. Rf8 Bc5) 98. Bxc2 Rxc2 {KTL-KT} 99. Rf8 Be3 100. Kd1 Rd2+ 101. Ke1 Rb2 102. Rd8 Kf3 103. Kd1 Ke4 104. Rd7 Bd4 105. Ke1 $2 {[%mdl 8192] [#]} (105. Kc1 $17) 105... Kd3 $1 {[%cal Rb2b1]} 106. Kf1 Rf2+ 107. Ke1 Rg2 $2 (107... Rf6 108. Rd5 Rb6 109. Kf1 Rg6 110. Rxd4+ Kxd4 111. Kf2 Ke4 112. Ke2 Rg2+ 113. Ke1 Ke3 114. Kd1 Re2 115. Kc1 Kd3 116. Kd1 Re8 117. Kc1 Rb8 118. Kd1 Rb1#) 108. Rf7 Rg8 (108... Rg3 {keeps more tension.} 109. Rf8 Rg6 110. Rf7 Ra6 111. Kf1 Ra1+) 109. Rf3+ Be3 110. Rf7 Rg1+ 111. Rf1 Bd2+ 112. Kf2 Be3+ 113. Ke1 $1 Rg2 {( -> ...Tc2)} 114. Rf7 Rb2 {[%cal Rb2b1]} 115. Kf1 Bd4 (115... Rb1+ $17 116. Kg2 Ke2) 116. Rf3+ (116. Rd7 $11 {war der einzige Weg, das Gleichgewicht zu behalten.}) 116... Ke4 117. Rf7 Be3 118. Ke1 Rc2 119. Kd1 Rd2+ 120. Ke1 Ra2 121. Re7+ Kf3 {[%cal Ra2a1]} 122. Rf7+ Bf4 {[%cal Ra2a1]} 123. Kd1 $2 {[%mdl 8192]} (123. Rd7 $17) 123... Rd2+ 124. Ke1 Rd5 125. Rf8 Rd6 126. Rf7 Rd5 127. Rf8 Rd7 {Schwarz setzt Matt.} 128. Rf6 Rd8 129. Rf7 Rd5 $2 {Precision: Weiß = 43%, Schwarz = 62%.} (129... Rh8 {setzt Matt} 130. Rxf4+ Kxf4 131. Kd2 Re8 132. Kc3 Ke3 133. Kb4 Kd4 134. Kb3 Kd3 135. Kb4 Re5 136. Kb3 Rb5+ 137. Ka4 Kc4 138. Ka3 Kc3 139. Ka2 Ra5+ 140. Kb1 Ra8 141. Kc1 Ra1#) 1/2-1/2

[Event "TUR-ch Men 2018"]
[Site "Kemer"]
[Date "2018.10.17"]
[Round "8.3"]
[White "Gunduz, Umut Erdem"]
[Black "Baglan, Esat"]
[Result "1-0"]
[WhiteElo "2205"]
[BlackElo "2343"]
[Annotator "TA"]
[PlyCount "87"]
[EventDate "2018.10.26"]
[EventType "tourn"]
[EventCountry "TUR"]
[SourceTitle "playchess.com"]
[Source "ChessBase"]
[SourceQuality "1"]

{[%evp 23,87,-21,-7,-27,-11,-27,-31,-37,-25,-31,0,-26,-18,-20,0,6,25,-7,-6,-35,-41,-68,-63,-59,-43,-149,-104,-139,-141,-230,-66,-64,477,477,492,448,472,477,464,433,575,544,595,589,841,727,1178,1162,988,1157,1096,1093,969,687,1176,572,574,567,556,550,638,621,2342,1963,1727,877]} 1. e4 c5 2. Nc3 Nc6 3. g3 g6 4. Bg2 Bg7 5. d3 d6 6. f4 e6 7. Nf3 Nge7 8. Be3 O-O 9. O-O b6 10. Bf2 Qd7 {B25: Sizilianisch (Geschlossenes System)} (10... Nd4 11. Nxd4 cxd4 12. Ne2 e5 13. c3 dxc3 14. Nxc3 Bb7 15. d4 exf4 16. gxf4 Rc8 17. Re1 Kh8 18. d5 Qd7 {1-0 (37) Shanava,K (2524)-Georgiev,K (2644) Konya 2017}) 11. Qd2 Nd4 12. Rae1 Bb7 {LiveBook: 7 Partien. Die Stellung ist ausgeglichen.} 13. Nd1 Rad8 $146 ({Vorgänger:} 13... Nxf3+ 14. Bxf3 f5 15. c3 d5 16. e5 Nc6 17. d4 Ba6 18. Be2 Bxe2 19. Rxe2 cxd4 20. cxd4 Rac8 21. Nc3 Na5 22. b3 Rc7 23. Rfe1 Rfc8 24. Qb2 Bf8 25. Rc2 Be7 {½-½ (25) Kovacevic,S (2325)-Ivanov,J (2381) Cullera 2007}) 14. c3 Nxf3+ 15. Bxf3 f5 16. Qe2 Rfe8 17. exf5 Bxf3 18. Qxf3 gxf5 19. Re2 d5 {[%cal Bd6d5,Bd5d4][%mdl 32]} 20. Rfe1 Nc6 21. Qh5 Qf7 22. Qh3 d4 23. Qg2 Rd6 24. c4 (24. cxd4 $15 Bxd4 25. Bxd4 Nxd4 26. Rf2) 24... e5 25. fxe5 Nxe5 26. g4 (26. b3 $17 {war angesagt.}) 26... fxg4 $2 (26... f4 $19 {Und ...f3 würde nun gewinnen.} 27. Re4 Rde6) 27. Bg3 $15 {[%cal Rg3e5]} Nf3+ $2 {[%mdl 8192] [#]} (27... Rde6 $15 {behält die Oberhand.} 28. Bxe5 Bxe5) 28. Qxf3 $1 $18 {[%mdl 512] Weiß steht klar auf Gewinn.} gxf3 (28... Qxf3 29. Rxe8+) 29. Rxe8+ Bf8 30. Bxd6 Qg6+ 31. Bg3 Qxd3 32. Nf2 Qc2 33. Kh1 {[#] Droht stark Ld6.} Qg6 34. Rd8 Qg5 35. Ra8 Qd2 36. Rg1 Kf7 37. Rxa7+ Ke6 38. Rxh7 Qe2 39. Rh8 Be7 40. Rh6+ Kf7 41. Rh7+ Ke6 42. Nh3 {Und weiter mit Sf4+ wäre nett.} Kf5 43. Rh5+ Kg4 44. Bd6+ {Precision: Weiß = 45%, Schwarz = 31%.} 1-0

[Event "TUR-ch Men 2018"]
[Site "Kemer"]
[Date "2018.10.17"]
[Round "8.4"]
[White "Zor, Alber Kadir"]
[Black "Sevgi, Volkan"]
[Result "1/2-1/2"]
[WhiteElo "2167"]
[BlackElo "2296"]
[Annotator "TA"]
[PlyCount "60"]
[EventDate "2018.10.26"]
[EventType "tourn"]
[EventCountry "TUR"]
[SourceTitle "playchess.com"]
[Source "ChessBase"]
[SourceQuality "1"]

{[%evp 13,60,21,43,37,44,17,27,17,23,22,18,8,28,22,27,17,22,-2,40,32,34,31,55,14,34,37,63,53,92,70,121,124,170,134,167,197,163,165,159,111,130,128,190,188,202,167,160,0,197]} 1. Nf3 Nf6 2. c4 d6 3. d4 g6 4. b3 Bg7 5. Bb2 O-O 6. g3 c6 7. Bg2 Qa5+ {LiveBook: 13 Partien} 8. Nc3 {E60: Königsindisch (ohne Sc3)} (8. Qd2 Qxd2+ 9. Nfxd2 d5 10. Nc3 Rd8 11. e3 Na6 12. O-O Be6 13. Rfd1 Rac8 14. a3 b6 15. Rac1 Nb8 {1-0 (34) Giri,A (2776)-Nataf,I (2534) Montpellier 2015}) 8... Bg4 9. h3 Bxf3 10. Bxf3 {Weiß hat minimalen Vorteil.} e5 11. dxe5 dxe5 {und nun wäre ...e4 stark für Schwarz.} 12. O-O Re8 $146 ({Vorgänger:} 12... Na6 13. Bg2 Rad8 14. Qc2 Nc5 15. a3 Ne6 {1-0 (64) Hernandez,G (2525)-Defez Gomez,J (2175) Mislata 1997}) 13. Qc2 Nbd7 {[%cal Bb8d7,Bd7f8,Bf8e6,Be6c7][%mdl 32]} 14. a3 Qc7 15. Rad1 Nf8 16. e3 $36 {[%mdl 2048] Weiss drückt.} Ne6 17. Bg2 h5 18. h4 Qe7 19. b4 {[%cal Bb3b4,Bb4b5][%mdl 32]} Nc7 20. Rd2 a5 21. b5 e4 (21... cxb5 $14 22. cxb5 Ne6) 22. Rfd1 $16 {Und weiter mit Sxe4! wäre nett.} Qe6 23. Rd4 {[%cal Rc3e4]} Qg4 24. bxc6 bxc6 25. Rd6 Re6 26. Rd8+ Rxd8 27. Rxd8+ Kh7 (27... Re8 $16 28. Rxe8+ Ncxe8) 28. Ne2 $18 Re7 29. Rd6 Re6 30. Rd8 Re7 $1 {Precision: Weiß = 67%, Schwarz = 50%.} 1/2-1/2

[Event "TUR-ch Men 2018"]
[Site "Kemer"]
[Date "2018.10.17"]
[Round "8.5"]
[White "Yilmazyerli, Mert"]
[Black "Koksal, Ege"]
[Result "1/2-1/2"]
[WhiteElo "2442"]
[BlackElo "2351"]
[Annotator "TA"]
[PlyCount "48"]
[EventDate "2018.10.26"]
[EventType "tourn"]
[EventCountry "TUR"]
[SourceTitle "playchess.com"]
[Source "ChessBase"]
[SourceQuality "1"]

{[%evp 24,48,48,18,60,27,75,41,41,0,0,-4,-9,-10,0,0,7,-10,-8,-29,0,-8,0,-36,0,-21,0]} 1. Nf3 d5 2. c4 c6 3. e3 Nf6 4. Nc3 e6 5. d4 Nbd7 6. Qc2 Bd6 7. Bd3 O-O 8. O-O Qe7 9. c5 Bc7 10. e4 dxe4 11. Nxe4 Nxe4 12. Bxe4 h6 {D46: Semi-Slav: 5 e3 Nbd7 6 Bd3, Black avoids the Meran} 13. Re1 {LiveBook: 32 Games} (13. Bd2 Nf6 14. Bd3 Bd7 15. Rfe1 Rad8 16. Rad1 Be8 17. b4 Nd5 18. Ne5 f6 19. Ng6 Bxg6 20. Bxg6 {0-1 (46) Bukavshin,I (2506)-Kovalenko,I (2567) Samara 2011}) 13... Re8 14. Bd2 {[%cal Bc1d2,Bd2c3,Bc3d4][%mdl 32]} Qf8 {White has an edge.} 15. Rad1 $146 ({Predecessor:} 15. Bc3 e5 16. Nxe5 Nf6 17. Bf5 Bxe5 18. Rxe5 Rxe5 19. dxe5 Bxf5 20. Qxf5 Qxc5 21. Re1 Re8 22. Re3 Nd5 23. e6 fxe6 24. Rxe6 Rf8 25. Qc2 Nxc3 {½-½ (25) Jegorovas,A (2322)-Zawadzki,S (2447) Wroclaw 2009}) 15... e5 16. Bc3 {And now dxe5 would win.} Nf6 17. Bf5 ({Not} 17. Nxe5 $2 Nxe4 18. Qxe4 f6 $19) 17... Bxf5 18. Qxf5 {[%cal Rd4e5]} exd4 19. Bxd4 Nd5 20. Qg4 f5 21. Qh4 Bd8 22. Qg3 {[#] Hoping for Rxe8.} Bc7 23. Qh4 Bd8 24. Qg3 {aiming for Rxe8.} Bc7 {Precision: White = 26%, Black = 30%.} 1/2-1/2

[Event "TUR-ch Men 2018"]
[Site "Kemer"]
[Date "2018.10.17"]
[Round "8.6"]
[White "Apaydin, Fethi"]
[Black "Soylu, Suat"]
[Result "0-1"]
[WhiteElo "2353"]
[BlackElo "2327"]
[Annotator "TA"]
[PlyCount "100"]
[EventDate "2018.10.26"]
[EventType "tourn"]
[EventCountry "TUR"]
[SourceTitle "playchess.com"]
[Source "ChessBase"]
[SourceQuality "1"]

{[%evp 22,100,-21,-31,-12,-14,-14,-18,-16,-13,-10,-27,10,17,18,23,29,-15,0,-31,-16,-83,-84,-279,-280,-288,-276,-277,-281,-286,-88,-77,-80,-86,-83,-290,-247,-521,-521,-1200,0,0,0,0,0,-103,-56,-54,-58,-58,-58,-89,-89,-89,-89,-89,-89,-89,-26,-89,0,-89,-89,-89,-89,-89,-89,-89,-89,-89,-79,-79,-79,-79,-79,-29962,-29957,-29964,-5443,-29991,-29992]} 1. e4 c5 2. Nc3 Nc6 3. g3 g6 4. Bg2 Bg7 5. d3 d6 6. f4 e6 7. Nf3 Nge7 8. O-O O-O 9. Be3 Nd4 10. Rb1 b6 11. Ne2 {B25: Closed Sicilian: 3 g3, lines without early Be3} Nxf3+ 12. Bxf3 {LiveBook: 22 Games} d5 (12... Bb7 13. c3 Qc7 14. b4 f5 15. Bg2 Rac8 16. Qd2 Rfd8 17. Rbc1 Qb8 18. a4 Qa8 19. Qa2 Kf7 20. Bh3 c4 21. Nd4 Bxd4 22. Bxd4 cxd3 23. exf5 Nxf5 {0-1 (35) Gunduz,U (2130)-Shevchenko,K (2554) Ankara 2018}) 13. e5 $146 {The position is equal.} ({Predecessor:} 13. c3 Ba6 14. e5 Rc8 15. Qd2 f6 16. d4 f5 17. dxc5 bxc5 18. b4 cxb4 19. cxb4 {1-0 (39) Novitzkij,D (2365)-Timerkhanov,A (1964) Izhevsk 2013}) 13... f6 14. exf6 Bxf6 15. d4 Nf5 16. Bf2 Qd6 17. dxc5 bxc5 18. c4 {[%cal Rc4d5]} Ba6 19. b4 cxb4 20. cxd5 Rad8 {[%cal Re6d5]} 21. Qd2 (21. Qb3 $11 {remains equal.}) 21... exd5 $17 {[%cal Be6d5,Bd5d4,Bd4d3][%mdl 32]} 22. Bxa7 $2 (22. Qxb4 $17 d4 23. Qb3+ Kh8 24. Rfc1) 22... Rfe8 $19 23. Bf2 d4 $1 {[%cal Rd4d3] Threatens to win with ...d3.} 24. Rfc1 {[%cal Bf1c1,Bc1c6,Bc6d6][%mdl 32] With the idea Rc6.} d3 25. Rc6 {[#]} Rxe2 $2 (25... Qf8 $1 $19 {and Black stays clearly on top.} 26. Nc1 Nd4 27. Bxd4 Bxd4+ 28. Kg2 Bb5) 26. Rxd6 $17 Rxd2 27. Rxf6 Rxa2 28. Bb6 $2 {[#]} (28. g4 $17 {was the only chance.} Nd4 29. Bxd4 Rxd4 30. Rxb4) 28... Nd4 $1 {[%mdl 512]} 29. Bg4 $2 (29. Bxd4 {is the only way for White.} Rxd4 30. Bg4) 29... Bc8 $19 30. Bd1 Ne2+ $2 ({Better is} 30... Re8 $19 {[%cal Re8e1]} 31. Bh5 gxh5 32. Bxd4 d2) 31. Bxe2 $1 $11 Rxe2 32. Bxd8 d2 {Strongly threatening ...Re1+.} 33. Rf1 (33. Kf1 $11 Rxh2 34. Kg1) 33... Bb7 34. Rd1 $1 Re1+ 35. Kf2 Rxd1 $15 {[%mdl 4096] Endgame KRB-KRB} 36. Rd6 b3 {( -> ...b2)} 37. Bf6 Rh1 38. Rxd2 Rxh2+ 39. Ke3 Rh3 (39... Rxd2 $17 40. Kxd2 Kf7) 40. Kf2 (40. Bh4 $11 Bc6 41. Rd8+ Kf7 42. Rb8) 40... Rh2+ 41. Ke3 Rxd2 42. Kxd2 $17 {KB-KB} Kf7 43. Bb2 Ke6 44. Ke3 Kf5 45. Bc3 h5 46. Bb2 Kg4 47. Kf2 Bf3 {aiming for ...h4.} 48. Bc3 $2 {[%mdl 8192] [#]} (48. Be5 $17) 48... h4 $1 {[%cal Rh4h3]} 49. gxh4 Kxf4 50. Be5+ Kxe5 {Precision: White = 38%, Black = 55%.} 0-1

[Event "TUR-ch Men 2018"]
[Site "Kemer"]
[Date "2018.10.17"]
[Round "9.1"]
[White "Soylu, Suat"]
[Black "Erdogdu, Mert"]
[Result "1/2-1/2"]
[WhiteElo "2327"]
[BlackElo "2406"]
[Annotator "TA"]
[PlyCount "75"]
[EventDate "2018.10.26"]
[EventType "tourn"]
[EventCountry "TUR"]
[SourceTitle "playchess.com"]
[Source "ChessBase"]
[SourceQuality "1"]

{[%evp 25,75,52,43,-32,77,45,57,18,34,21,33,36,32,37,37,35,31,9,12,9,8,10,72,72,72,72,72,72,113,128,134,129,131,134,137,135,113,77,77,85,81,48,54,68,60,68,52,61,47,0,60,0]} 1. Nf3 Nf6 2. c4 g6 3. Nc3 Bg7 4. e4 d6 5. d4 O-O 6. Be2 e5 7. dxe5 dxe5 8. Qxd8 Rxd8 9. Bg5 Nbd7 10. O-O-O Rf8 11. Nd5 c6 12. Ne7+ Kh8 13. Be3 b6 {LiveBook: 4 Games. E92: King's Indian: Classical: 6 Be2 e5: 7 dxe5, 7 Be3 and Petrosian System without 7...Nbd7} (13... Re8 14. Nxc8 Raxc8 15. g4 Nf8 16. Nd2 Ne6 17. g5 Nd7 18. Bg4 Bf8 19. Nb3 Nb6 20. Bxe6 Rxe6 21. Nc5 Re7 22. b3 h6 {1-0 (35) Jakovenko,D (2724)-Paragua,M (2565) Tromsoe 2013 CBM 156 [Szabo,Kr]}) 14. g4 (14. Nxc8 $14 Rfxc8 15. Rhf1) 14... Nc5 (14... Bb7 $1 $15) 15. Nxc8 ({Not} 15. Nxc6 Nxg4 16. Bxc5 bxc5 $17) 15... Raxc8 16. Nxe5 $146 ({Predecessor:} 16. Nd2 Nfd7 17. h4 Ne6 18. Nb3 Rcd8 19. g5 c5 20. Rd5 Nb8 21. h5 {1-0 (72) Zakharov,V (2000)-Sakhabeev,R (2416) ICCF email 2006}) 16... Nfxe4 17. Nd7 Rfe8 {[#] Threatens to win with ...Na4.} 18. Nxc5 $1 bxc5 19. Bf3 Rb8 20. b3 a5 {[%cal Ba7a5,Ba5a4][%mdl 32]} 21. Rd3 a4 22. Bxe4 Rxe4 23. Rhd1 Bf6 (23... Be5 $1 $11) 24. g5 $16 ({Reject} 24. Bxc5 axb3 25. axb3 Rxg4 $11) 24... Be7 25. Kc2 axb3+ 26. axb3 Ra8 27. Rd7 Kg8 {[#]} 28. Rc7 $1 Re6 29. Rdd7 Re8 30. Ra7 h6 31. h4 hxg5 32. hxg5 Re5 33. Rdc7 Bxg5 34. Bxg5 ({Don't play} 34. Rxc6 Bxe3 35. fxe3 Rf5 $17) 34... Rxg5 35. Rxf7 Re6 36. Rg7+ Kf8 37. Rgf7+ Kg8 $1 38. Rg7+ {Precision: White = 57%, Black = 64%.} (38. Kc3 $14) 1/2-1/2

[Event "TUR-ch Men 2018"]
[Site "Kemer"]
[Date "2018.10.17"]
[Round "9.2"]
[White "Koksal, Ege"]
[Black "Apaydin, Fethi"]
[Result "1-0"]
[WhiteElo "2351"]
[BlackElo "2353"]
[Annotator "TA"]
[PlyCount "86"]
[EventDate "2018.10.26"]
[EventType "tourn"]
[EventCountry "TUR"]
[SourceTitle "playchess.com"]
[Source "ChessBase"]
[SourceQuality "1"]

{[%evp 16,86,70,47,87,46,81,85,90,50,100,97,91,77,89,55,65,76,99,104,188,181,359,326,346,350,331,287,303,313,330,285,346,295,379,382,471,472,480,431,515,509,483,447,464,462,435,420,515,515,511,455,737,715,804,784,802,763,1061,1057,1039,970,1104,1010,886,802,29979,29980,29980,29981,29981,29982,29992]} 1. d4 Nf6 2. c4 g6 3. Nc3 Bg7 4. e4 d6 5. Be2 O-O 6. Bg5 c5 7. d5 h6 8. Bf4 a6 9. a4 {LiveBook: 54 Games} Ne8 {E74: King's Indian: Averbakh Variation: 6...c5} (9... e6 10. Nf3 exd5 11. cxd5 Bg4 12. O-O Nh5 13. Be3 Nf6 14. Nd2 Bxe2 15. Qxe2 Nbd7 16. Bf4 Ne8 17. Nc4 Nb6 18. Ne3 Nd7 19. Ra3 Ne5 20. Rb3 {1-0 (49) Mamedyarov,S (2736)-Bacrot,E (2697) Skopje 2015 CBM 169 [Szabo,Kr]}) 10. Nf3 Kh7 11. Qd2 b6 $146 {White is better.} ({Predecessor:} 11... e5 12. dxe6 Bxe6 13. O-O Nc6 14. Rad1 Qa5 15. Nd5 Qxd2 16. Rxd2 f5 17. exf5 Rxf5 {1-0 (42) Vioreanu,B (2315)-Szabo,G (2331) Sovata 2001}) 12. O-O Nd7 13. Rfe1 Ne5 14. h3 {[%cal Bh2h3,Bh3h4][%mdl 32]} Bd7 15. Be3 Nxf3+ 16. Bxf3 Nc7 17. e5 {[%cal Be4e5,Be5e6][%mdl 32]} g5 (17... Rb8 $16) 18. h4 $18 {Threatens to win with exd6.} f6 $2 {[#]} (18... Bxe5 {was worth a try.} 19. hxg5 hxg5) 19. Qd3+ ({Less strong is} 19. hxg5 fxg5 20. e6 Be8 $18) 19... f5 20. e6 ({Resist} 20. hxg5 Bxe5 21. gxh6 Rg8 $18) 20... Be8 21. hxg5 Bg6 {Now ...f4 and Black clings on.} 22. gxh6 Bf6 23. Qd2 Rh8 24. g3 Qg8 25. Kg2 Rf8 26. Rh1 Ne8 27. Bf4 a5 28. Ra3 Nc7 29. Rb3 Rb8 30. Ne2 Qe8 31. Ra3 Rf8 32. Bg5 Be5 33. Nf4 Rg8 (33... Bxf4 $142 34. Qxf4 Na6) 34. Be2 Qf8 35. Nxg6 Rxg6 36. Bh5 Rf6 37. Bxf6 Qxf6 38. Rf3 Rg8 39. Bf7 Rg5 40. Qd3 Na6 41. Rh5 {White mates.} Nb4 42. Qb1 Rxh5 43. Bxh5 Kxh6 {Precision: White = 77%, Black = 24%.} 1-0

[Event "TUR-ch Men 2018"]
[Site "Kemer"]
[Date "2018.10.17"]
[Round "9.3"]
[White "Sevgi, Volkan"]
[Black "Yilmazyerli, Mert"]
[Result "0-1"]
[WhiteElo "2296"]
[BlackElo "2442"]
[Annotator "NA"]
[PlyCount "61"]
[EventDate "2018.10.26"]
[EventType "tourn"]
[EventCountry "TUR"]
[SourceTitle "playchess.com"]
[Source "ChessBase"]
[SourceQuality "1"]
[TimeControl "5400+30"]

1. e4 {[%emt 0:00:30]} g6 {[%emt 0:00:30]} 2. d4 {[%emt 0:00:00]} Bg7 {[%emt 0:00:30]} 3. Nc3 {[%emt 0:01:00]} d6 {[%emt 0:00:30]} 4. f4 {[%emt 0:00:30]} Nf6 {[%emt 0:03:30]} 5. Nf3 {[%emt 0:02:30]} O-O {[%emt 0:03:30]} 6. Bd3 {[%emt 0:04:30]} Nc6 {[%emt 0:06:30]} 7. e5 {[%emt 0:03:30]} dxe5 {[%emt 0:00:30]} 8. fxe5 {[%emt 0:00:30]} Nh5 {[%emt 0:01:30]} 9. Be3 {[%emt 0:01:30]} Bg4 {[%emt 0:05:30]} 10. Be2 {[%emt 0:00:00]} f6 {[%emt 0:00:30]} 11. exf6 {[%emt 0:03:00]} exf6 {[%emt 0:00:30]} 12. O-O {[%emt 0:00:30]} Re8 {[%emt 0:03:30]} 13. Qd2 {[%emt 0:03:30]} Ne7 {[%emt 0:01:30]} 14. Bf2 {[%emt 0:05:30]} Nf5 {[%emt 0:06:30]} 15. h3 {[%emt 0:05:30]} Bh6 {[%emt 0:02:30]} 16. Qd3 {[%emt 0:00:00]} Bxh3 {[%emt 0:12:30]} 17. gxh3 {[%emt 0:06:00]} Nf4 {[%emt 0:01:30]} 18. Qc4+ {[%emt 0:03:30]} Kh8 {[%emt 0:02:30]} 19. Rae1 {[%emt 0:05:30]} Qd7 {[%emt 0:06:30]} 20. Bd1 {[%emt 0:04:30]} Nd6 {[%emt 0:03:30]} 21. Qb3 {[%emt 0:00:30]} Qxh3 {[%emt 0:01:30]} 22. Nh4 {[%emt 0:00:00]} Bg5 {[%emt 0:01:30]} 23. Ne2 {[%emt 0:01:00]} Qg4+ {[%emt 0:02:30]} 24. Qg3 {[%emt 0:03:30]} Nh3+ {[%emt 0:00:30]} 25. Kh2 {[%emt 0:00:30]} Nxf2 {[%emt 0:00:00]} 26. Nxg6+ {[%emt 0:00:30]} hxg6 {[%emt 0:00:00]} 27. Qxf2 {[%emt 0:00:30]} Re7 {[%emt 0:01:30]} 28. Ng3 {[%emt 0:00:00]} Rh7+ {[%emt 0:00:30]} 29. Kg1 {[%emt 0:00:00]} Qh4 {[%emt 0:00:30]} 30. Bf3 {[%emt 0:00:30]} Bf4 {[%emt 0:01:30]} 31. Ne2 {[%emt 0:01:30]} 0-1